České malířství let devadesátých /

Hlavní autor: Kovárna, František, 1905-1952
Jazyk: Čeština
Vydáno: Praha : Václav Petr, 1940
Edice: Svazky úvah a studií (Václav Petr)
Fyzický popis: 31 - [I] s. ; 8°
Knihy
Uloženo v:
LEADER 00869nam a22002532a 4500
001 000843679
003 CZ BrMZK
005 20091012104714.0
007 ta
008 070305s1940 xr er|||||||||||cze d
015 |a cnb000806960 
035 |a (OCoLC)80560188 
040 |a ABA001  |b cze  |c LIA001  |d ABA001 
100 1 |a Kovárna, František,  |d 1905-1952  |7 jk01062434  |4 aut 
245 1 0 |a České malířství let devadesátých /  |c František Kovárna 
260 |a Praha :  |b Václav Petr,  |c 1940  |e (ve Valašském Meziříčí :  |f Osvěta) 
300 |a 31 - [I] s. ;  |c 8° 
490 1 |a Svazky úvah a studií ;  |v čís. 43 
501 |a Přívazek k: O umění / František Šamberger 
830 0 |a Svazky úvah a studií (Václav Petr)  |0 s 
910 |a BOA001  |b PK-I-0036.235,přív.2 
990 |a BK 
991 |b 200703 
994 |a UP  |l MZK01  |b 000230749  |m přívazek 2  |n záznam 1. díla